Conversaciones con Mathias Goeritz / (Registro nro. 61379)
[ vista simple ]
| 000 -LEADER | |
|---|---|
| fixed length control field | 00855cam a2200253 i 4500 |
| 001 - CONTROL NUMBER | |
| control field | 61379 |
| 005 - DATE AND TIME OF LATEST TRANSACTION | |
| control field | 20180714063005.0 |
| 008 - FIXED-LENGTH DATA ELEMENTS--GENERAL INFORMATION | |
| fixed length control field | 140719s1993 mx ao r 000 0 spa d |
| 020 ## - INTERNATIONAL STANDARD BOOK NUMBER | |
| International Standard Book Number | 9682318602 |
| 040 ## - CATALOGING SOURCE | |
| Original cataloging agency | MX-PuUPA |
| Language of cataloging | spa |
| Description conventions | rda |
| Transcribing agency | Mx-PuUPA |
| Modifying agency | Mx-PuUPA |
| 041 ## - LANGUAGE CODE | |
| Language code of text/sound track or separate title | spa |
| 082 0# - DEWEY DECIMAL CLASSIFICATION NUMBER | |
| Classification number | 709 |
| Item number | MON |
| 100 1# - MAIN ENTRY--PERSONAL NAME | |
| Personal name | Monteforte Toledo, Mario, |
| Dates associated with a name | 1911-2003 |
| Relator term | autor |
| 245 10 - TITLE STATEMENT | |
| Title | Conversaciones con Mathias Goeritz / |
| Statement of responsibility, etc. | por Mario Monteforte Toledo. |
| 250 ## - EDITION STATEMENT | |
| Edition statement | Primera edición |
| 264 #1 - PRODUCTION, PUBLICATION, DISTRIBUTION, MANUFACTURE, AND COPYRIGHT NOTICE | |
| Place of production, publication, distribution, manufacture | México, D.F. : |
| Name of producer, publisher, distributor, manufacturer | Siglo xxi Editores, |
| Date of production, publication, distribution, manufacture, or copyright notice | 1993 |
| 300 ## - PHYSICAL DESCRIPTION | |
| Extent | 140 páginas : |
| Other physical details | ilustraciones, fotografías ; |
| Dimensions | 28 cm. |
| 336 ## - CONTENT TYPE | |
| Content type term | texto |
| Source | rdacontent |
| 337 ## - MEDIA TYPE | |
| Media type term | sin mediación |
| Source | rdamedia |
| 338 ## - CARRIER TYPE | |
| Carrier type term | volume |
| Source | rdacarrier |
| 490 0# - SERIES STATEMENT | |
| Series statement | La voz de la luz |
| 600 14 - SUBJECT ADDED ENTRY--PERSONAL NAME | |
| Personal name | Goeritz, Mathias, |
| Chronological subdivision | 1915-1990 |
| General subdivision | Entrevistas |
| 650 #4 - SUBJECT ADDED ENTRY--TOPICAL TERM | |
| Topical term or geographic name entry element | Artista |
| Geographic subdivision | México |
| General subdivision | Entrevistas |
| Withdrawn status | Lost status | Source of classification or shelving scheme | Damaged status | Not for loan | Collection code | Home library | Current library | Shelving location | Date acquired | Source of acquisition | Inventory number | Total Checkouts | Full call number | Barcode | Date last seen | Price effective from | Koha item type |
|---|---|---|---|---|---|---|---|---|---|---|---|---|---|---|---|---|---|
| Dewey Decimal Classification | General | Biblioteca Karol Wojtyla | Biblioteca Karol Wojtyla | Sala general | 24/11/2017 | Compra | 151000000000000000028370 | 709 MON 1993 | 98508 | 05/01/2026 | 24/11/2017 | Libro |